000 03330nam a2200277Ia 4500
008 130821s1615 po gr spa
040 _aCo-BoUCM
_bspa
041 0 _alat
_apor
092 _aE20N042
100 1 _aCorrea, Pedro
242 0 0 _aConspiración Universal
_bCombate entre los siete vicios y las siete virtudes opuestas por la posesión del alma; siendo el demonio el general del ejército del vicio. Y Cristo el Capitán de tan importante ejército. Ordenada en diecinueve sermones, guías de predicación
_cPedro Correa
_yspa
245 1 0 _aConspiraçao universal
_bcombatem os sete vicios ... com as sete virtudes contrarias sobre a posse da alma, servido o demonio de General na liga viciosa et fazendo Christo officio de Capitao no tanto exercito. Vai ordenada em dezenove discursos predicaveis ...
_cautore Rey Pedro Correa
246 1 3 _a[Conspiración Universal
_bCombate entre los siete vicios y las siete virtudes opuestas por la posesión del alma; siendo el demonio el general del ejército del vicio. Y Cristo el Capitán de tan importante ejército. Ordenada en diecinueve sermones, guías de predicación]
260 _aLisboa (Portugal)
_bOfficina de Pedro Crasbeeck [Imprenta de Pedro Crasbeeck]
_c1615
300 _a[6], 678, [62] páginas
500 _aDetalles físicos: Ejemplar en regular estado; encuadernación flexible en pergamino, piel arrugado y manchada. Descuadernado Conserva parte de las guardas. Portada sencilla, impresa a una sola tinta, enmarcada en un recuadro modesto con un grabado alegórico (muestra el libro de la escritura y un brazo armado con una espada, en cuya hoja se enreda una leyenda latina: "Para que huya"). Privilegio Real (Lisboa, 1614). Licencias y Permisos. Dedicatoria al Arzobispo de Évora. Texto impreso en dos columnas. Algunas apostillas marginales. Signaturas. Registros. Colofón. Hojas con manchas de humedad (págs. 60-61). Deterioro en bordes y esquinas de hojas, especialmente al principio. Manchas de tinta (págs. 452-453). En portada varias marcas de propiedad: "Arçobispo de Santa Fee. Ilustrísimo Doctor Fray Cristóbal de Torres". Más abajo, dice: "Es del Colegio Mayor de Nuestra Señora del Rosario del Real Patronato de Santa Fe". Y tres sellos de tinta: "Del Colegio de Ntra. Sra. del Rosario", "El Colegio de Nuestra Señora del Rosario" y "Colegio Mayor del Rosario". En el encabezamiento de la página 1, se lee: "Es de la librería de el Colegio Mayor de (pág. rota)". Y en el encabezamiento de la página 60: "Es del Colegio Mayor de Nuestra Señora del Rosario del Real Patronato".
505 1 _aImportancia del conflicto interior. ; La condición de pecado. ; Los desórdenes de la voluntad. ; Los desórdenes del pecado. ; La astucia del demonio. ; Auxilios para el alma que es combatida. ; La soberbia. ; La humildad. ; La avaricia. ; La liberalidad. ; La sensualidad. ; La castidad. ; La ira. ; La paciencia. ; La gula. ; La abstinencia. ; La envidia. ; La caridad.
506 _aConsulta en sala.
650 0 4 _aÉtica cristiana
_xObras anteriores a 1700
650 0 4 _aOratoria sagrada
_xObras anteriores a 1700
_920808
650 0 4 _aReligión
_923497
650 0 4 _aSermones
_xObras anteriores a 1700
_924236
700 1 _aCrasbeeck, Pedro
942 _cLIBRO
_a4
_e1
_2DEWEY
_h251.3
999 _c37438
_d37438